00826nam a2200241Ia 450000500170000000800410001702000180005808200160007624501000009225000230019230000410021550000210025665000310027765000410030865000240034965000280037370000310040126400290043233600270046133700330048833800280052104000350054920220317000126.0141031s9999 xx 000 0 und d a9789587044966 a808.02bS1110aSaber escribir c Angel Cervera Rodríguez ... [et.al.] ; coordinador Jesús Sánchez Lobato a1a ed., 4a reimpr. a513 páginasbilustracionesc23 cm. aIncluye glosario14a Ediciones de libros2LEMB14a Preparación de manuscritos 2LEMB14a Redacción 2LEMB14aArte de escribir 2LEMB10aSánchez Lobato, Jesús  aBogotá bAguilarc2007 atextobtxt2rdacontent asin mediaciónbn2rdamedia avolumenbnc2rdacarrier aCO-BoRNBPbspaerdacCO-BoRNBP